Finančná analýza so zameraním na zadlženosť podnikateľského subjektu bakalárska práca

Uložené v:
Podrobná bibliografia
Hlavný autor: Berčík, Maroš
Korporativný autor: Národohospodárska fakulta EU. Katedra financií
Ďalší autori: Jančovičová Bognárová, Kristína, 1979-
Médium: Kniha
Jazyk:Slovak
Vydavateľské údaje: Bratislava 2019
Tagy: Pridať tag
Žiadne tagy, Buďte prvý, kto otaguje tento záznam!

MARC

LEADER 00000nbm a2200000 4500
001 0256463
005 20191030124133.7
041 0 |a slo 
044 |a SK 
245 1 0 |a Finančná analýza so zameraním na zadlženosť podnikateľského subjektu  |b bakalárska práca  |c Maroš Berčík ; školiteľ: Kristína Jančovičová Bognárová 
264 1 |a Bratislava  |c 2019 
300 |a 46 s. 
100 1 |a Berčík, Maroš 
700 1 |a Jančovičová Bognárová, Kristína, 1979- 
710 2 |a Národohospodárska fakulta EU. Katedra financií